Представление документа в формате MARC21

Поле Инд. ПП Название Значение
Тип записи a
Библиографический уровень a
001 Контрольный номер 33d70206549a4d3caed738fefb75091b
005 Дата корректировки 20160203113703.4
020 a ISBN 978-5-903728-04-6
040 a Служба первич. каталог. НБ ТвГУ
b Код языка каталог. rus
e Правила каталог. PSBO
041 0_ a Код языка текста rus
097 b Оператор novikova
100 1_ a Автор Воробьева Светлана Николаевна
q Полное имя Воробьева С. Н.
245 10 a Заглавие Тема детского рабства в произведениях русских писательниц второй половины XIX – начала XX века
260 a Место издания Тверь
b Издательство Марина
504 a Библиография Библиогр. в подстроч. примеч.
520 0_ a Аннотация Во второй половине 19 в. многие писатели проявляли повышенный интерес к теме детства, видя в ней один из способов изображения социальных отношений в обществе. О фактах родительского насилия упоминается и в женских текстах.
653 0_ a Ключевые слова Детское рабство
a Ключевые слова Рабство
a Ключевые слова Русские писательницы
a Ключевые слова 19-20 вв.
a Ключевые слова Детство
a Ключевые слова Дети
a Ключевые слова Социальные отношения
773 18 w Контрольный № источника RU/IS/BASE/454679434
t Название источника Мир детства и литература
d Место и дата издания Тверь : Марина, 2008
g Прочая информация С. 9-15
901 t Тип документа a
920 a Оператор Нови